[Event "17. Obert Int. Sant Marti 2015"]
[Site "Barcelona ESP"]
[Date "2015.07.18"]
[Round "6.59"]
[White "Havik, Victor"]
[Black "Perez Ruiz, Santiago"]
[Result "1/2-1/2"]
[WhiteElo "2139"]
[BlackElo "1885"]
[PlyCount "82"]
[EventDate "2015.07.13"]
[EventType "swiss"]
[EventRounds "9"]
[EventCountry "ESP"]
[SourceTitle "Ajedrez en Madrid"]
[Source "lmi"]
[SourceDate "2013.07.13"]
[SourceVersion "1"]
[SourceVersionDate "2019.06.24"]
[SourceQuality "1"]

1. d4 Nf6 2. c4 e6 3. Nc3 Bb4 4. e3 Bxc3+ 5. bxc3 c5 6. Bd3 d6 7. Ne2 e5 8. e4
Nc6 9. O-O b6 10. d5 Na5 11. f4 Nd7 12. Ng3 g6 13. f5 Ba6 14. Qg4 h5 15. Qf3
Qe7 16. h4 O-O-O 17. fxg6 fxg6 18. Bg5 Qe8 19. Nh1 Kc7 20. Bxd8+ Qxd8 21. g3 g5
22. Kh2 gxh4 23. gxh4 Qxh4+ 24. Qh3 Qg5 25. Rf2 Nf6 26. Rg2 Ng4+ 27. Kg1 Rf8
28. Rf1 Rxf1+ 29. Bxf1 Nxc4 30. Qf3 b5 31. Bxc4 bxc4 32. Nf2 Qc1+ 33. Qd1 Qe3
34. Kf1 Bc8 35. Nxg4 Bxg4 36. Qe1 Qf3+ 37. Kg1 Qd3 38. Rg3 Qc2 39. Rg2 Qd3 40.
Rg3 Qc2 41. Rg2 Qd3 1/2-1/2

[Event "17. Obert Int. Sant Marti 2015"]
[Site "Barcelona ESP"]
[Date "2015.07.18"]
[Round "6.60"]
[White "Saiz Rodrigo, Fernando"]
[Black "Scheffknecht, Philipp"]
[Result "0-1"]
[WhiteElo "1937"]
[BlackElo "2121"]
[PlyCount "104"]
[EventDate "2015.07.13"]
[EventType "swiss"]
[EventRounds "9"]
[EventCountry "ESP"]
[SourceTitle "Ajedrez en Madrid"]
[Source "lmi"]
[SourceDate "2013.07.13"]
[SourceVersion "1"]
[SourceVersionDate "2019.06.24"]
[SourceQuality "1"]

1. e4 c5 2. Nc3 e6 3. Nf3 a6 4. a4 Qc7 5. Bc4 Nf6 6. d3 d6 7. O-O b6 8. h3 Be7
9. Ng5 h6 10. Nf3 Bb7 11. Bf4 Nbd7 12. Qe2 O-O 13. Rfe1 Rfe8 14. Qd2 Qc6 15. a5
d5 16. Ba2 d4 17. Ne2 b5 18. Bh2 Bd6 19. Bxd6 Qxd6 20. c3 dxc3 21. Qxc3 e5 22.
Ng3 Rad8 23. Nf5 Qf8 24. N3h4 Kh7 25. Rac1 g6 26. Ne3 c4 27. f3 cxd3 28. Qxd3
Nc5 29. Qe2 Nd3 30. Rc7 Re7 31. Rxe7 Qxe7 32. Rd1 Nf4 33. Qe1 Rxd1 34. Nxd1
N6h5 35. Ne3 Ng3 36. Kh2 Nfe2 37. Nf1 Nxf1+ 38. Qxf1 Nf4 39. g3 Nh5 40. Ng2 Qg5
41. Qf2 Kg7 42. Ne3 Qd8 43. Qe1 Qd4 44. Qe2 Nf6 45. Ng2 Nd7 46. Qc2 Nc5 47. h4
h5 48. Qe2 Kf6 49. Ne3 Qd3 50. Qf2 Qd4 51. f4 Kg7 52. Nc2 Qxf2+ 0-1

[Event "17. Obert Int. Sant Marti 2015"]
[Site "Barcelona ESP"]
[Date "2015.07.18"]
[Round "6.61"]
[White "Guix Torres, David"]
[Black "Anker, Christin"]
[Result "1-0"]
[WhiteElo "2036"]
[BlackElo "1849"]
[PlyCount "65"]
[EventDate "2015.07.13"]
[EventType "swiss"]
[EventRounds "9"]
[EventCountry "ESP"]
[SourceTitle "Ajedrez en Madrid"]
[Source "lmi"]
[SourceDate "2013.07.13"]
[SourceVersion "1"]
[SourceVersionDate "2019.06.24"]
[SourceQuality "1"]

1. e4 e5 2. Nf3 Nc6 3. Bc4 Bc5 4. c3 Nf6 5. d4 exd4 6. cxd4 Bb4+ 7. Nc3 Nxe4 8.
O-O Bxc3 9. d5 Bf6 10. Re1 Ne7 11. Rxe4 d6 12. Bg5 Bxg5 13. Nxg5 h6 14. Qe2
hxg5 15. Re1 Be6 16. dxe6 f6 17. Re3 c6 18. Rb3 Qc7 19. h3 d5 20. Bd3 O-O-O 21.
Ba6 Rh4 22. Rxb7 Qxb7 23. Bxb7+ Kxb7 24. Qe3 Rc4 25. Qa3 c5 26. b3 Rb4 27. Rc1
Rb5 28. Rxc5 Rxc5 29. Qxc5 Nc6 30. b4 a6 31. a4 Re8 32. Qxd5 Kb6 33. a5+ 1-0

[Event "17. Obert Int. Sant Marti 2015"]
[Site "Barcelona ESP"]
[Date "2015.07.18"]
[Round "6.62"]
[White "Jocher, Georg"]
[Black "Costa Trave, Jaume"]
[Result "0-1"]
[WhiteElo "1931"]
[BlackElo "2022"]
[PlyCount "98"]
[EventDate "2015.07.13"]
[EventType "swiss"]
[EventRounds "9"]
[EventCountry "ESP"]
[SourceTitle "Ajedrez en Madrid"]
[Source "lmi"]
[SourceDate "2013.07.13"]
[SourceVersion "1"]
[SourceVersionDate "2019.06.24"]
[SourceQuality "1"]

1. Nf3 c5 2. g3 d5 3. Bg2 Nc6 4. d4 cxd4 5. Nxd4 e5 6. Nxc6 bxc6 7. O-O f5 8.
c4 Nf6 9. Nc3 e4 10. cxd5 cxd5 11. Qb3 Be6 12. Be3 Be7 13. Rac1 Kf7 14. Bd4 Qd7
15. e3 Rhb8 16. Qc2 Rb7 17. Qe2 Rab8 18. Rc2 g6 19. Rd1 Ne8 20. f3 Rc8 21. fxe4
dxe4 22. g4 Qc6 23. gxf5 Bxf5 24. Rcd2 Bf6 25. Qf2 Qe6 26. Bxf6 Nxf6 27. Qf4
Re8 28. Bf1 Kg7 29. b3 Qe5 30. Qxe5 Rxe5 31. h3 h5 32. Nd5 Nxd5 33. Rxd5 Rxd5
34. Rxd5 Kf6 35. h4 Be6 36. Ra5 Rc7 37. Kf2 Bf5 38. Bc4 Rd7 39. Kg3 Rd1 40.
Rxa7 Rg1+ 41. Kf2 Rg4 42. Rf7+ Ke5 43. a4 Rxh4 44. a5 Rh2+ 45. Kg3 Rd2 46. a6
g5 47. Rxf5+ Kxf5 48. b4 g4 49. Be6+ Kxe6 0-1

[Event "17. Obert Int. Sant Marti 2015"]
[Site "Barcelona ESP"]
[Date "2015.07.18"]
[Round "6.63"]
[White "Perez Garcia, Adria"]
[Black "Franch Guiral, Ramon"]
[Result "1-0"]
[WhiteElo "1644"]
[BlackElo "1964"]
[PlyCount "187"]
[EventDate "2015.07.13"]
[EventType "swiss"]
[EventRounds "9"]
[EventCountry "ESP"]
[SourceTitle "Ajedrez en Madrid"]
[Source "lmi"]
[SourceDate "2013.07.13"]
[SourceVersion "1"]
[SourceVersionDate "2019.06.24"]
[SourceQuality "1"]

1. e4 Nf6 2. e5 Nd5 3. d4 d6 4. Nf3 Bg4 5. Be2 e6 6. h3 Bh5 7. O-O Be7 8. c4
Nb6 9. exd6 cxd6 10. Nbd2 O-O 11. b3 d5 12. c5 N6d7 13. Re1 Nc6 14. Bb2 Qc7 15.
a3 Bf6 16. b4 a6 17. Qb3 Qf4 18. Rad1 Bg6 19. g3 Qc7 20. a4 Rfc8 21. Bc3 Qb8
22. Qb2 b6 23. Bxa6 Rxa6 24. b5 Rxa4 25. bxc6 Rxc6 26. Qb5 Qa8 27. Ra1 Rxa1 28.
Rxa1 Qc8 29. Ra6 Bd8 30. Ra7 f6 31. Qa4 Rc7 32. Ra8 Nb8 33. cxb6 Rb7 34. Bb4
Bxb6 35. Bd6 Be8 36. Qa3 Kf7 37. Ne5+ Kg8 38. Nd3 Bxd4 39. Nb3 Bc3 40. Nbc5
Rb1+ 41. Kh2 d4 42. Qa2 Rb6 43. Qa7 Rb1 44. Rxb8 Rxb8 45. Qxb8 Qxb8 46. Bxb8
Kf7 47. Ne4 Ba5 48. Nd6+ Ke7 49. Nxe8 Kxe8 50. f4 Bb6 51. Bd6 Kd7 52. Bf8 g6
53. Kg2 Ke8 54. Ba3 h6 55. Kf3 g5 56. Ke4 Kf7 57. Bb2 Bc7 58. Bxd4 Bd6 59. Kf3
Kg6 60. Nc5 gxf4 61. gxf4 Kf5 62. Be3 h5 63. Nb3 e5 64. fxe5 fxe5 65. Nd2 Be7
66. Ne4 h4 67. Bf2 Bd8 68. Nd6+ Ke6 69. Nb7 Be7 70. Ke4 Bf6 71. Nc5+ Kd6 72.
Nd3 Ke6 73. Ne1 Be7 74. Nf3 Bf6 75. Nxh4 Bg5 76. Nf3 Bf4 77. Bh4 Kd6 78. Bf6
Ke6 79. Bxe5 Bh6 80. Bf4 Bf8 81. Bg5 Kf7 82. Kf5 Kg7 83. Nh2 Kh7 84. Ng4 Ba3
85. h4 Kg7 86. h5 Kh7 87. Nf6+ Kh8 88. Kg6 Bc1 89. Ng4 Bxg5 90. Kxg5 Kg7 91.
Kf5 Kh7 92. Kf6 Kh8 93. Kg6 Kg8 94. Nh6+ 1-0

[Event "17. Obert Int. Sant Marti 2015"]
[Site "Barcelona ESP"]
[Date "2015.07.18"]
[Round "6.64"]
[White "Cervello I Tost, Roger"]
[Black "Kunal, Kakumanu Prasad"]
[Result "1-0"]
[WhiteElo "1960"]
[BlackElo "1713"]
[PlyCount "92"]
[EventDate "2015.07.13"]
[EventType "swiss"]
[EventRounds "9"]
[EventCountry "ESP"]
[SourceTitle "Ajedrez en Madrid"]
[Source "lmi"]
[SourceDate "2013.07.13"]
[SourceVersion "1"]
[SourceVersionDate "2019.06.24"]
[SourceQuality "1"]

1. e4 c5 2. d4 cxd4 3. c3 d5 4. exd5 Nf6 5. Nf3 dxc3 6. Nxc3 g6 7. Be2 Bg7 8.
O-O O-O 9. h3 Nbd7 10. Bf4 Nb6 11. d6 e6 12. Nb5 Nbd5 13. Be5 Bd7 14. Nc7 Rc8
15. Qd4 Ne8 16. Nxd5 exd5 17. Qxd5 Bc6 18. Qd4 Bxe5 19. Nxe5 Qxd6 20. Rfd1 Qxd4
21. Rxd4 Nf6 22. Bc4 Rc7 23. Rc1 Bd5 24. g4 h6 25. f4 Rfc8 26. g5 Bxc4 27. gxf6
Bxa2 28. Rxc7 Rxc7 29. b4 Be6 30. h4 b6 31. b5 Kh7 32. Rd8 h5 33. Nf3 Rc1+ 34.
Kf2 Rc2+ 35. Ke1 g5 36. fxg5 Rc5 37. Nd4 Rd5 38. Nxe6 Re5+ 39. Kf2 Rxe6 40. Rf8
Re5 41. Rxf7+ Kh8 42. Rxa7 Rxb5 43. Ke3 Rf5 44. Ke4 Rf1 45. Ke5 Kg8 46. g6 Re1+
1-0

[Event "17. Obert Int. Sant Marti 2015"]
[Site "Barcelona ESP"]
[Date "2015.07.18"]
[Round "6.65"]
[White "Bernat, Ernest"]
[Black "Boixader Arbo, Xavier"]
[Result "1-0"]
[WhiteElo "1943"]
[BlackElo "1755"]
[PlyCount "75"]
[EventDate "2015.07.13"]
[EventType "swiss"]
[EventRounds "9"]
[EventCountry "ESP"]
[SourceTitle "Ajedrez en Madrid"]
[Source "lmi"]
[SourceDate "2013.07.13"]
[SourceVersion "1"]
[SourceVersionDate "2019.06.24"]
[SourceQuality "1"]

1. e4 c5 2. Nf3 Nc6 3. d4 cxd4 4. Nxd4 Nf6 5. Nc3 e5 6. Ndb5 d6 7. Nd5 Nxd5 8.
exd5 Ne7 9. c4 a6 10. Qa4 axb5 11. Qxa8 Qc7 12. Bd2 bxc4 13. Rc1 b5 14. b3 Qb7
15. Qxb7 Bxb7 16. bxc4 bxc4 17. Bxc4 Nxd5 18. O-O Be7 19. Rb1 Bc6 20. Rb8+ Bd8
21. Rc1 Ke7 22. a4 Nf4 23. Bxf4 exf4 24. Bb5 Bd5 25. a5 Rf8 26. a6 Ba5 27. Rxf8
Kxf8 28. a7 Bb6 29. a8=Q+ Bxa8 30. Rc8+ Ke7 31. Rxa8 g6 32. Rb8 Bd4 33. Bc4 f5
34. Rb7+ Kf6 35. Rxh7 Kg5 36. Kf1 Kf6 37. Rf7+ Ke5 38. Re7+ 1-0

[Event "17. Obert Int. Sant Marti 2015"]
[Site "Barcelona ESP"]
[Date "2015.07.18"]
[Round "6.66"]
[White "Herms Agullo, Jordi"]
[Black "Brilej, Jaka"]
[Result "1/2-1/2"]
[WhiteElo "2075"]
[BlackElo "1639"]
[PlyCount "105"]
[EventDate "2015.07.13"]
[EventType "swiss"]
[EventRounds "9"]
[EventCountry "ESP"]
[SourceTitle "Ajedrez en Madrid"]
[Source "lmi"]
[SourceDate "2013.07.13"]
[SourceVersion "1"]
[SourceVersionDate "2019.06.24"]
[SourceQuality "1"]

1. e4 c5 2. Nf3 Nc6 3. d4 cxd4 4. Nxd4 Nf6 5. Nc3 e5 6. Ndb5 d6 7. Bg5 a6 8.
Na3 b5 9. Nd5 Be7 10. Bxf6 Bxf6 11. c3 Rb8 12. Nc2 Bg5 13. Nce3 O-O 14. h4 Bh6
15. Bd3 Be6 16. Qh5 b4 17. Nf5 Bxf5 18. exf5 f6 19. c4 Nd4 20. O-O b3 21. a3
Qe8 22. Qg4 Qd7 23. Qe4 g6 24. g4 gxf5 25. gxf5 Kh8 26. Kh2 Qf7 27. Rg1 Rg8 28.
Rg3 Rg7 29. Rxg7 Bxg7 30. Qg4 Nc6 31. Be4 Rc8 32. Rg1 Ne7 33. Nxe7 Qxe7 34. Bd5
Rb8 35. h5 h6 36. Qh3 Qa7 37. Qg2 a5 38. a4 Rb4 39. Kh3 Rxa4 40. Qg6 Qe7 41.
Be6 Rb4 42. Rd1 Rb8 43. c5 Rd8 44. cxd6 Rxd6 45. Rxd6 Qxd6 46. Qf7 Qf8 47. Qa7
Qd8 48. Kg2 Bf8 49. Bxb3 Bb4 50. Bf7 Qf8 51. Bg6 Qe7 52. Qa8+ Kg7 53. Qd5
1/2-1/2

[Event "17. Obert Int. Sant Marti 2015"]
[Site "Barcelona ESP"]
[Date "2015.07.18"]
[Round "6.67"]
[White "Severri Arrese, Carlos"]
[Black "Minguell Soler, Joan"]
[Result "0-1"]
[WhiteElo "1983"]
[BlackElo "1836"]
[PlyCount "112"]
[EventDate "2015.07.13"]
[EventType "swiss"]
[EventRounds "9"]
[EventCountry "ESP"]
[SourceTitle "Ajedrez en Madrid"]
[Source "lmi"]
[SourceDate "2013.07.13"]
[SourceVersion "1"]
[SourceVersionDate "2019.06.24"]
[SourceQuality "1"]

1. e4 e6 2. d4 d5 3. Nc3 Bb4 4. e5 c5 5. a3 Bxc3+ 6. bxc3 Qa5 7. Bd2 Qa4 8. Qb1
c4 9. Ne2 Nc6 10. Nf4 Bd7 11. g3 O-O-O 12. Bh3 Qa5 13. Qd1 Re8 14. O-O g6 15.
Bg2 Nge7 16. Nh3 h6 17. f3 Nf5 18. Qe1 Qd8 19. a4 Reg8 20. Qc1 g5 21. Qa3 h5
22. Qc1 g4 23. fxg4 hxg4 24. Ng5 Be8 25. Rxf5 exf5 26. e6 f6 27. Nf7 Bxf7 28.
exf7 Rf8 29. Qa3 Rxf7 30. Rf1 Qe7 31. Qb2 Rfh7 32. Re1 Qd7 33. Qb5 Rd8 34. Bf4
b6 35. Qa6+ Qb7 36. Qb5 a6 37. Qb1 Re7 38. Rf1 b5 39. h4 b4 40. cxb4 Nxd4 41.
c3 Ne2+ 42. Kh2 Nxf4 43. Rxf4 Re5 44. Rxf5 Qc7 45. Rxf6 Rh8 46. Qf1 Rxh4+ 47.
gxh4 Rf5+ 48. Kg1 Rxf1+ 49. Rxf1 Qg3 50. Rf5 Qe1+ 51. Bf1 Qe3+ 52. Kh2 Qxc3 53.
Rxd5 Qxb4 54. Rg5 Qd2+ 55. Kg1 Qd4+ 56. Kh2 Qf2+ 0-1

[Event "17. Obert Int. Sant Marti 2015"]
[Site "Barcelona ESP"]
[Date "2015.07.18"]
[Round "6.68"]
[White "Alfara Ayllon, Jose Luis"]
[Black "Quero Ortega, Juan"]
[Result "1-0"]
[WhiteElo "1964"]
[BlackElo "1820"]
[PlyCount "117"]
[EventDate "2015.07.13"]
[EventType "swiss"]
[EventRounds "9"]
[EventCountry "ESP"]
[SourceTitle "Ajedrez en Madrid"]
[Source "lmi"]
[SourceDate "2013.07.13"]
[SourceVersion "1"]
[SourceVersionDate "2019.06.24"]
[SourceQuality "1"]

1. e4 d6 2. d4 Nf6 3. Nc3 g6 4. f4 Bg7 5. Nf3 a6 6. Be2 b5 7. a3 Bb7 8. e5 Nd5
9. O-O Nxc3 10. bxc3 e6 11. Be3 O-O 12. a4 c6 13. Qd2 d5 14. Bd3 Nd7 15. a5 Rc8
16. g4 c5 17. dxc5 Nxc5 18. Bd4 Qc7 19. Qe3 Na4 20. f5 exf5 21. gxf5 Nxc3 22.
f6 Qd7 23. fxg7 Qg4+ 24. Kh1 Kxg7 25. Qg5 Qxg5 26. Nxg5 Kg8 27. Rf6 Ne4 28.
Bxe4 dxe4 29. c3 h6 30. Nh3 e3+ 31. Kg1 b4 32. Rb6 Be4 33. Rxb4 Bd3 34. Nf4 Bb5
35. Nd5 Ra8 36. Nxe3 Rfd8 37. Kf2 h5 38. Rg1 Kh7 39. Ng2 Rac8 40. Nf4 Rc6 41.
h4 Rd7 42. Rg5 Rd8 43. Rb1 Rd7 44. Rbg1 Bc4 45. Rd1 Bb5 46. e6 fxe6 47. Rxg6
Rf7 48. Rf6 Rxf6 49. Bxf6 Rc5 50. Ke3 e5 51. Ne2 Kg6 52. Bg5 Kf5 53. Ng3+ Kg4
54. Ne4 Rc8 55. Rg1+ Kh3 56. Bf6 Bc6 57. Rg3+ Kh2 58. Bxe5 Re8 59. Rg5+ 1-0

[Event "17. Obert Int. Sant Marti 2015"]
[Site "Barcelona ESP"]
[Date "2015.07.18"]
[Round "6.69"]
[White "Feldman, Antony"]
[Black "Minko, Dmitry"]
[Result "1/2-1/2"]
[WhiteElo "1950"]
[BlackElo "1672"]
[PlyCount "92"]
[EventDate "2015.07.13"]
[EventType "swiss"]
[EventRounds "9"]
[EventCountry "ESP"]
[SourceTitle "Ajedrez en Madrid"]
[Source "lmi"]
[SourceDate "2013.07.13"]
[SourceVersion "1"]
[SourceVersionDate "2019.06.24"]
[SourceQuality "1"]

1. Nf3 e6 2. g3 d5 3. Bg2 Nf6 4. O-O Be7 5. d4 O-O 6. c4 Nbd7 7. b3 c5 8. cxd5
Nxd5 9. Bb2 N7f6 10. Nbd2 b6 11. Ne5 Bb7 12. dxc5 Bxc5 13. Nd3 Be7 14. Nc4 Rc8
15. Qd2 h6 16. Rfd1 a5 17. Qe1 Qe8 18. Rac1 Nd7 19. Nf4 Bb4 20. Qf1 b5 21. Nxd5
Bxd5 22. Bxd5 exd5 23. Ne3 Rxc1 24. Bxc1 Nb6 25. Nxd5 Nxd5 26. Rxd5 Qc6 27. Qd1
Be7 28. Be3 Rc8 29. Qd3 a4 30. Qxb5 Qxb5 31. Rxb5 a3 32. Rd5 Rc2 33. Rd2 Rb2
34. Kg2 Bb4 35. Rd4 Bc3 36. Rd3 Bb4 37. Rd4 Bc3 38. Rd3 Bb4 39. Rd8+ Kh7 40.
Rd4 Bc3 41. Rd3 Bb4 42. Rd4 Bc3 43. Rc4 Bf6 44. Bd4 Bxd4 45. Rxd4 Rxe2 46. Ra4
Rxa2 1/2-1/2

[Event "17. Obert Int. Sant Marti 2015"]
[Site "Barcelona ESP"]
[Date "2015.07.18"]
[Round "6.70"]
[White "Torrents Senal, Marc"]
[Black "Egorova, Ayyyna"]
[Result "0-1"]
[WhiteElo "1824"]
[BlackElo "1901"]
[PlyCount "84"]
[EventDate "2015.07.13"]
[EventType "swiss"]
[EventRounds "9"]
[EventCountry "ESP"]
[SourceTitle "Ajedrez en Madrid"]
[Source "lmi"]
[SourceDate "2013.07.13"]
[SourceVersion "1"]
[SourceVersionDate "2019.06.24"]
[SourceQuality "1"]

1. d4 f5 2. g3 g6 3. Bg2 Bg7 4. Nh3 Nf6 5. O-O O-O 6. c3 d5 7. Nd2 Nc6 8. Nf3
Ne4 9. Bf4 h6 10. Be5 Nxe5 11. Nxe5 g5 12. f3 Nd6 13. f4 e6 14. e3 Bxe5 15.
fxe5 Ne4 16. Bxe4 dxe4 17. b4 b5 18. Kf2 Bb7 19. Ke2 Bd5 20. Kd2 a5 21. Qh5 Kg7
22. a3 axb4 23. axb4 Bc6 24. Rfc1 Qd5 25. Qd1 Ra2+ 26. Rxa2 Qxa2+ 27. Qc2 Qa3
28. Rb1 Ra8 29. Ng1 Bd5 30. Ne2 Qa2 31. Rb2 Qc4 32. Ke1 Qc6 33. Nc1 Ra3 34. Kd2
f4 35. gxf4 gxf4 36. Nb3 Qc4 37. Nc5 f3 38. Ke1 Ra1+ 39. Kf2 Qf1+ 40. Kg3 Qg1+
41. Kh3 h5 42. Nxe6+ Bxe6+ 0-1

[Event "17. Obert Int. Sant Marti 2015"]
[Site "Barcelona ESP"]
[Date "2015.07.18"]
[Round "6.71"]
[White "Ruiz Molina, Gabriel"]
[Black "Jul Perez, Alberto"]
[Result "1/2-1/2"]
[WhiteElo "1916"]
[BlackElo "1870"]
[PlyCount "119"]
[EventDate "2015.07.13"]
[EventType "swiss"]
[EventRounds "9"]
[EventCountry "ESP"]
[SourceTitle "Ajedrez en Madrid"]
[Source "lmi"]
[SourceDate "2013.07.13"]
[SourceVersion "1"]
[SourceVersionDate "2019.06.24"]
[SourceQuality "1"]

1. d4 e6 2. c4 f5 3. Nf3 Nf6 4. g3 Be7 5. Bg2 O-O 6. O-O d6 7. Nc3 a5 8. b3 Qe8
9. Bb2 Qh5 10. Re1 Ne4 11. e3 Qf7 12. Qc2 Nc6 13. a3 e5 14. Nd5 Bf6 15. Rad1
Re8 16. b4 g5 17. b5 g4 18. Nd2 Nxd2 19. Qxd2 Nd8 20. e4 Bg7 21. b6 cxb6 22.
Nxb6 Rb8 23. dxe5 dxe5 24. Nxc8 Rxc8 25. exf5 Qxf5 26. Qxa5 Nc6 27. Qb5 Rf8 28.
Rf1 Rc7 29. Rde1 Kh8 30. f4 Nd4 31. Bxd4 exd4 32. Qxf5 Rxf5 33. Bd5 h5 34. Re8+
Rf8 35. Rfe1 b6 36. Rxf8+ Bxf8 37. a4 Bc5 38. Kf1 Rh7 39. Re8+ Kg7 40. Ke2 Kf6
41. Kd3 h4 42. Re6+ Kf5 43. Re5+ Kf6 44. Rg5 hxg3 45. hxg3 Ra7 46. Bc6 Re7 47.
Be4 Ra7 48. Rg6+ Kf7 49. Rxg4 Rxa4 50. f5 Ra3+ 51. Kc2 Rc3+ 52. Kb2 Ba3+ 53.
Ka2 Bd6 54. Bd5+ Kf8 55. f6 Ra3+ 56. Kb1 Rxg3 57. Rxd4 Be5 58. Re4 Bxf6 59. Re6
Bd4 60. Kc2 1/2-1/2

[Event "17. Obert Int. Sant Marti 2015"]
[Site "Barcelona ESP"]
[Date "2015.07.18"]
[Round "6.72"]
[White "Riu Lopez, Daniel"]
[Black "Drvar, Izidor"]
[Result "1-0"]
[WhiteElo "1839"]
[BlackElo "1900"]
[PlyCount "99"]
[EventDate "2015.07.13"]
[EventType "swiss"]
[EventRounds "9"]
[EventCountry "ESP"]
[SourceTitle "Ajedrez en Madrid"]
[Source "lmi"]
[SourceDate "2013.07.13"]
[SourceVersion "1"]
[SourceVersionDate "2019.06.24"]
[SourceQuality "1"]

1. e4 c6 2. d4 d5 3. Nc3 dxe4 4. Nxe4 Nf6 5. Nxf6+ exf6 6. c3 Bd6 7. Bd3 f5 8.
Qc2 Qf6 9. Ne2 Be6 10. Bd2 O-O 11. O-O-O Bxa2 12. c4 b5 13. c5 Bc7 14. b3 Bxb3
15. Qxb3 a5 16. Kc2 a4 17. Qa3 Na6 18. Rb1 Rfd8 19. Bc3 Rd5 20. Rhd1 Re8 21.
Ng3 g6 22. Nf1 Qh4 23. g3 Qd8 24. Ne3 Rd7 25. Bf1 Ba5 26. Bg2 Bxc3 27. Qxc3 b4
28. Qc4 Qa8 29. Ra1 a3 30. Bf1 Ra7 31. Qb3 Nc7 32. Qxb4 Rb8 33. Qc3 Rb2+ 34.
Kc1 Rxf2 35. Bc4 Rxh2 36. Nc2 Qd8 37. Rxa3 Qg5+ 38. Kb2 Rb7+ 39. Rb3 Rxb3+ 40.
Qxb3 Qg4 41. Rd3 Qe2 42. Bxf7+ Kg7 43. Bc4 Kh6 44. Re3 Qd2 45. Qc3 Qd1 46. Re7
Nd5 47. Bxd5 Rxc2+ 48. Qxc2 Qxd4+ 49. Qc3 Qxd5 50. Qe3+ 1-0

[Event "17. Obert Int. Sant Marti 2015"]
[Site "Barcelona ESP"]
[Date "2015.07.19"]
[Round "7.1"]
[White "Petrosyan, Tigran S."]
[Black "Gagare, Shardul"]
[Result "0-1"]
[WhiteElo "2441"]
[BlackElo "2425"]
[PlyCount "54"]
[EventDate "2015.07.13"]
[EventType "swiss"]
[EventRounds "9"]
[EventCountry "ESP"]
[SourceTitle "Ajedrez en Madrid"]
[Source "lmi"]
[SourceDate "2013.07.13"]
[SourceVersion "1"]
[SourceVersionDate "2019.06.24"]
[SourceQuality "1"]

1. Nf3 d5 2. g3 Nf6 3. Bg2 Bf5 4. c4 c6 5. cxd5 cxd5 6. Qb3 Nc6 7. Qxb7 Bd7 8.
Qb3 e5 9. d3 Rb8 10. Qd1 Bb4+ 11. Nfd2 O-O 12. O-O Bg4 13. h3 Be6 14. Nc3 Qc8
15. Kh2 Nd4 16. Ndb1 Rd8 17. Bg5 Be7 18. Qd2 Qa6 19. Bxf6 Bxf6 20. e3 Nc6 21.
Ne2 d4 22. Be4 dxe3 23. fxe3 Nb4 24. Rd1 Bg5 25. g4 Bd5 26. Bxd5 Nxd5 27. h4
Qh6 0-1

[Event "17. Obert Int. Sant Marti 2015"]
[Site "Barcelona ESP"]
[Date "2015.07.19"]
[Round "7.2"]
[White "Diermair, Andreas"]
[Black "Sundararajan, Kidambi"]
[Result "0-1"]
[WhiteElo "2485"]
[BlackElo "2433"]
[PlyCount "52"]
[EventDate "2015.07.13"]
[EventType "swiss"]
[EventRounds "9"]
[EventCountry "ESP"]
[SourceTitle "Ajedrez en Madrid"]
[Source "lmi"]
[SourceDate "2013.07.13"]
[SourceVersion "1"]
[SourceVersionDate "2019.06.24"]
[SourceQuality "1"]

1. d4 e6 2. c4 Bb4+ 3. Nd2 f5 4. g3 Nf6 5. Bg2 O-O 6. Ngf3 b6 7. Ne5 Ne4 8. O-O
Bxd2 9. Bxd2 Bb7 10. Be3 Qe7 11. f3 Nf6 12. Qc2 c5 13. dxc5 bxc5 14. Nd3 d6 15.
Bd2 a5 16. Bc3 Nc6 17. e3 Rfd8 18. Nf4 Nb4 19. Qe2 e5 20. Nh3 d5 21. Rfd1 d4
22. Be1 e4 23. a3 d3 24. Qf2 Nc2 25. fxe4 Nxa1 26. Qxf5 Bxe4 0-1

[Event "17. Obert Int. Sant Marti 2015"]
[Site "Barcelona ESP"]
[Date "2015.07.19"]
[Round "7.3"]
[White "Gomez Garrido, Camilo Ernesto"]
[Black "Manolache, Marius"]
[Result "0-1"]
[WhiteElo "2519"]
[BlackElo "2467"]
[PlyCount "108"]
[EventDate "2015.07.13"]
[EventType "swiss"]
[EventRounds "9"]
[EventCountry "ESP"]
[SourceTitle "Ajedrez en Madrid"]
[Source "lmi"]
[SourceDate "2013.07.13"]
[SourceVersion "1"]
[SourceVersionDate "2019.06.24"]
[SourceQuality "1"]

1. e4 d6 2. d4 Nf6 3. Nc3 g6 4. Bg5 Bg7 5. f4 h6 6. Bh4 c6 7. Qd2 b5 8. Bd3 a5
9. Nf3 b4 10. Nd1 Ba6 11. Nf2 Bxd3 12. Qxd3 O-O 13. Bxf6 exf6 14. h4 d5 15. e5
fxe5 16. Nxe5 Nd7 17. O-O-O Nxe5 18. fxe5 a4 19. h5 c5 20. dxc5 Qg5+ 21. Qd2
Qxe5 22. Nd3 Qd4 23. Qxb4 Qc4 24. Rh4 Qxa2 25. Qa3 Qxa3 26. bxa3 g5 27. Rh3
Rac8 28. Rf3 Bd4 29. Rf5 Be3+ 30. Kb2 Rfd8 31. Nb4 Bxc5 32. Rdxd5 Rxd5 33. Rxd5
Kg7 34. c4 Kf6 35. Kc3 g4 36. Nd3 Bxa3 37. Ra5 Bf8 38. Rxa4 Kg5 39. Ra5+ Kh4
40. Rf5 Kg3 41. Nf2 Bg7+ 42. Kd3 Rd8+ 43. Ke2 Bd4 44. Rxf7 Bxf2 45. Rxf2 Rc8
46. Rf6 Rxc4 47. Rxh6 Kxg2 48. Rg6 g3 49. h6 Re4+ 50. Kd3 Re8 51. h7 Rh8 52.
Rg7 Kh2 53. Ke4 g2 54. Kf5 Rf8+ 0-1

[Event "17. Obert Int. Sant Marti 2015"]
[Site "Barcelona ESP"]
[Date "2015.07.19"]
[Round "7.4"]
[White "Pardo Simon, David"]
[Black "Grigoryan, Karen H."]
[Result "0-1"]
[WhiteElo "2468"]
[BlackElo "2580"]
[PlyCount "48"]
[EventDate "2015.07.13"]
[EventType "swiss"]
[EventRounds "9"]
[EventCountry "ESP"]
[SourceTitle "Ajedrez en Madrid"]
[Source "lmi"]
[SourceDate "2013.07.13"]
[SourceVersion "1"]
[SourceVersionDate "2019.06.24"]
[SourceQuality "1"]

1. d4 d5 2. c4 c6 3. Nf3 Nf6 4. Nc3 dxc4 5. a4 Bf5 6. e3 e6 7. Bxc4 Bb4 8. O-O
O-O 9. Qe2 Nbd7 10. e4 Bg6 11. e5 Nd5 12. Bg5 Qa5 13. Na2 N7b6 14. Nxb4 Qxb4
15. b3 Nc3 16. Qe3 Nxc4 17. bxc4 Qxc4 18. Kh1 Nxa4 19. Nd2 Qb5 20. Ne4 Nb6 21.
Rfb1 Nd5 22. Qe1 Qd3 23. Nd6 Qxd4 24. Rxb7 Rfb8 0-1

[Event "17. Obert Int. Sant Marti 2015"]
[Site "Barcelona ESP"]
[Date "2015.07.19"]
[Round "7.6"]
[White "Cicak, Slavko"]
[Black "Das, Sayantan"]
[Result "0-1"]
[WhiteElo "2514"]
[BlackElo "2444"]
[PlyCount "76"]
[EventDate "2015.07.13"]
[EventType "swiss"]
[EventRounds "9"]
[EventCountry "ESP"]
[SourceTitle "Ajedrez en Madrid"]
[Source "lmi"]
[SourceDate "2013.07.13"]
[SourceVersion "1"]
[SourceVersionDate "2019.06.24"]
[SourceQuality "1"]

1. c4 g6 2. d4 Nf6 3. d5 Bg7 4. Nc3 O-O 5. e4 d6 6. Nf3 Na6 7. Bd3 e5 8. Bg5 h6
9. Bd2 Nh5 10. g3 Nc5 11. Bc2 Bh3 12. Nh4 a5 13. Rg1 Nf6 14. Qe2 c6 15. O-O-O
cxd5 16. cxd5 Bd7 17. f3 Qe8 18. g4 Nh7 19. Be3 Rc8 20. Kb1 b5 21. Qd2 Qd8 22.
Ng2 b4 23. Ne2 Qb6 24. Nc1 a4 25. Bd3 Qb7 26. Bxh6 b3 27. a3 Nxd3 28. Nxd3 Rc2
29. Qe3 Bb5 30. Bxg7 Kxg7 31. f4 Qc7 32. fxe5 dxe5 33. Qg3 Ng5 34. Qxe5+ Qxe5
35. Nxe5 Nh3 36. Nf3 Nxg1 37. Rxg1 Bd3 38. Nge1 Bxe4 0-1